000 00612nam a22001697a 4500
005 20260509134517.0
008 260509b |||||||| |||| 00| 0 eng d
020 _a9789355406255
040 _aSGVU Library
_cSGVU Library
082 _222
_a332.71
_bSOO A
100 _aSonvanee Om Prakash And Sahu Yogeshwari
_940311
245 _aAgricultural Finance And Co-operation , कृषि वित्त एवम सहकारिता
_hHindi
260 _aNew Delhi , India
_bKalyani Publishers
_c2024
300 _a137p
_bPB
650 _2Agriculture
_yG4767
_940313
942 _2ddc
_cBOOKS
_k332.71 SOO A
999 _c90284
_d90284